[Event "Charlotte Southeastern op 3rd"]
[Site "Charlotte"]
[Date "2016.12.16"]
[Round "1"]
[White "Myers, Dominique"]
[Black "Mason, Sulia"]
[Result "1-0"]
[WhiteElo "2074"]
[BlackElo "1988"]
[PlyCount "61"]
[EventDate "2016.12.16"]
[EventType "swiss"]
[EventRounds "5"]
[EventCountry "USA"]
[SourceTitle "CBM 176 Extra"]
[Source "ChessBase"]
[SourceDate "2017.03.02"]
[SourceVersion "1"]
[SourceVersionDate "2017.03.02"]
[SourceQuality "1"]

1. e4 c5 2. Nf3 d6 3. d4 cxd4 4. Nxd4 Nf6 5. Nc3 e6 6. Be3 Be7 7. f4 0-0 8. Qf3 e5 9. Nf5 Bxf5 10. exf5 Qa5 11. 0-0-0 e4 12. Qh3 Nbd7 13. g4 Rfc8 14. Bd4 b5 15. g5 b4 16. gxf6 Nxf6 17. Bxf6 Bxf6 18. Nxe4 Bxb2+ 19. Kxb2 Rc3 20. Nf6+ Kf8 21. Nxh7+ Ke7 22. f6+ gxf6 23. Re1+ Kd8 24. Re8+ Kc7 25. Re7+ Kb6 26. Qd7 Qd5 27. Nxf6 Rxc2+ 28. Kxc2 Qxa2+ 29. Kd3 Qb3+ 30. Ke4 Qc2+ 31. Bd3 1-0